00333nam a2200133Ia 4500008004100000020002800041041000800069082001600077100001800093245003100111260002500142300001800167650001400185180314s9999 xx 000 0 und d a0412076918 (alk. paper) aeng a576.163 JAY aJay, James M. 0aModern food microbiology / aCBSbNew Delhic1996 axix, 661 p. : achemistry